Compilation of laws enforced by the U.S. Food and Drug Administration and related statutes.

Saved in:
Bibliographic Details
Corporate Authors: United States., United States. Food and Drug Administration.
Format: Book
Language:English
Published: Rockville, MD : Washington, DC : The Administration ; For sale by the U.S. G.P.O., Supt. of Docs., [1996]
Subjects:
Tags: Add Tag
No Tags, Be the first to tag this record!
LEADER 01974nam a2200529 a 4500
001 007635383-4
005 20160409180846.0
008 970213s1996 mdu l f000 0 eng d
010 |a  97122132  
020 |a 0160488443 (v. 1) 
020 |a 0160488451 (v. 2) 
035 0 |a ocm36884582 
035 0 |a ocm36380335 
037 |a 017-012-00378-8 (v.1)  |b GPO 
037 |a 017-012-00379-6 (v.2)  |b GPO 
040 |a DGPO  |c DGPO  |d NBL  |d DLC 
042 |a lccopycat 
043 |a n-us--- 
050 0 0 |a KF3864  |b 1996 
060 0 0 |a 1997 C-262 
060 1 0 |a WA 697  |b C737 1996 
074 |a 0475-B 
082 0 0 |a 344.73/0423/02632  |2 21 
086 0 |a HE 20.4005:F 73/4/V.1-2 
110 1 |a United States. 
245 1 0 |a Compilation of laws enforced by the U.S. Food and Drug Administration and related statutes. 
246 1 8 |a Compilation of FDA-related laws 
260 |a Rockville, MD :  |b The Administration ;  |a Washington, DC :  |b For sale by the U.S. G.P.O., Supt. of Docs.,  |c [1996] 
300 |a 2 v. ;  |c 23 cm. 
500 |a Shipping list no.: 97-0129-P (v. 1), 97-0130-P (v. 2). 
500 |a "October 1996." 
500 |a "FDA 96-1260 (vol. 1); FDA 96-1261 (vol. 2)"--P. [4] of covers. 
650 2 2 |a Legislation, Drug. 
650 2 2 |a Cosmetics. 
655 2 |a Legislation. 
650 1 2 |a Legislation, Food. 
651 2 |a United States. 
651 1 2 |a United States. 
650 0 |a Food law and legislation  |z United States. 
650 0 |a Drugs  |x Law and legislation  |z United States. 
650 0 |a Cosmetics  |x Law and legislation  |z United States. 
651 2 |a United States 
655 2 |a Legislation 
710 1 |a United States.  |b Food and Drug Administration. 
776 0 8 |i Online version:  |a United States.  |t Compilation of laws enforced by the U.S. Food and Drug Administration and related statutes.  |d Rockville, MD : The Administration ; Washington, DC : For sale by the U.S.G.P.O., Supt. of Docs., [1996]  |w (OCoLC)624429833 
988 |a 20020608 
906 |0 OCLC